<?xml version="1.0" encoding="UTF-8"?>
<record
    xmlns:xsi="http://www.w3.org/2001/XMLSchema-instance"
    xsi:schemaLocation="http://www.loc.gov/MARC21/slim http://www.loc.gov/standards/marcxml/schema/MARC21slim.xsd"
    xmlns="http://www.loc.gov/MARC21/slim">

  <leader>01264nam a22001937a 4500</leader>
  <controlfield tag="005">20240202125427.0</controlfield>
  <datafield tag="010" ind1=" " ind2=" ">
    <subfield code="a">B-757259-262</subfield>
  </datafield>
  <datafield tag="020" ind1=" " ind2=" ">
    <subfield code="c">975.00</subfield>
    <subfield code="a">9789393247070</subfield>
  </datafield>
  <datafield tag="035" ind1=" " ind2=" ">
    <subfield code="a">B-757259-262</subfield>
  </datafield>
  <datafield tag="037" ind1=" " ind2=" ">
    <subfield code="b">&#x905;&#x902;&#x915;&#x941;&#x930;  &#x92A;&#x94D;&#x930;&#x915;&#x93E;&#x936;&#x928; </subfield>
  </datafield>
  <datafield tag="082" ind1=" " ind2=" ">
    <subfield code="a">320</subfield>
  </datafield>
  <datafield tag="100" ind1=" " ind2=" ">
    <subfield code="a">&#x905;&#x92E;&#x93F;&#x924; &#x915;&#x941;&#x92E;&#x93E;&#x930; </subfield>
    <subfield code="9">61600</subfield>
  </datafield>
  <datafield tag="245" ind1=" " ind2=" ">
    <subfield code="a">&#x938;&#x94D;&#x935;&#x924;&#x902;&#x924;&#x94D;&#x930; &#x90F;&#x935;&#x902; &#x928;&#x93F;&#x936;&#x92A;&#x915;&#x94D;&#x937; &#x91A;&#x941;&#x928;&#x93E;&#x935; &#x92E;&#x947;&#x902; &#x928;&#x93F;&#x930;&#x94D;&#x935;&#x93E;&#x91A;&#x928; &#x906;&#x92F;&#x94B;&#x917; &#x915;&#x940; &#x92D;&#x942;&#x92E;&#x93F;&#x915;&#x93E;   /</subfield>
    <subfield code="c">&#x905;&#x92E;&#x93F;&#x924; &#x915;&#x941;&#x92E;&#x93E;&#x930; </subfield>
  </datafield>
  <datafield tag="260" ind1=" " ind2=" ">
    <subfield code="a">&#x926;&#x93F;&#x932;&#x94D;&#x932;&#x940; </subfield>
    <subfield code="b">&#x905;&#x902;&#x915;&#x941;&#x930; &#x92A;&#x94D;&#x930;&#x915;&#x93E;&#x936;&#x928; </subfield>
    <subfield code="c">2022</subfield>
  </datafield>
  <datafield tag="270" ind1=" " ind2=" ">
    <subfield code="a">526, &#x92A;&#x94D;&#x930;&#x925;&#x92E; &#x924;&#x932;,&#x938;&#x94D;&#x91F;&#x94D;&#x930;&#x940;&#x91F; &#x928;&#x902;. 5, &#x935;&#x93F;&#x91C;&#x92F; &#x92A;&#x93E;&#x930;&#x94D;&#x915;, &#x92E;&#x94C;&#x91C; &#x92A;&#x941;&#x930; </subfield>
    <subfield code="b">&#x926;&#x93F;&#x932;&#x94D;&#x932;&#x940; </subfield>
    <subfield code="e">110053</subfield>
  </datafield>
  <datafield tag="300" ind1=" " ind2=" ">
    <subfield code="a">311&#x92A;&#x943;&#x937;&#x94D;&#x91F;.; </subfield>
    <subfield code="c">22&#x938;&#x947;&#x92E;&#x940; (&#x938;&#x91C;&#x93F;&#x932;&#x94D;&#x926;)</subfield>
  </datafield>
  <datafield tag="942" ind1=" " ind2=" ">
    <subfield code="2">ddc</subfield>
    <subfield code="c">HN</subfield>
    <subfield code="h">320</subfield>
    <subfield code="m">&#x905;&#x92E;&#x93F;&#x924; </subfield>
  </datafield>
  <datafield tag="999" ind1=" " ind2=" ">
    <subfield code="c">200220</subfield>
    <subfield code="d">200220</subfield>
  </datafield>
  <datafield tag="952" ind1=" " ind2=" ">
    <subfield code="0">0</subfield>
    <subfield code="1">0</subfield>
    <subfield code="4">0</subfield>
    <subfield code="7">0</subfield>
    <subfield code="8">NFIC</subfield>
    <subfield code="a">L</subfield>
    <subfield code="b">L</subfield>
    <subfield code="d">2024-02-02</subfield>
    <subfield code="e">&#x905;&#x902;&#x915;&#x941;&#x930; &#x92C;&#x941;&#x915; &#x921;&#x93F;&#x938;&#x94D;&#x91F;&#x94D;&#x930;&#x940;&#x92C;&#x94D;&#x92F;&#x942;&#x91F;&#x930;&#x938;/ABD/095/13.12.23/68/12.12.23/21.12.23</subfield>
    <subfield code="g">975.00</subfield>
    <subfield code="l">1</subfield>
    <subfield code="o">320 &#x905;&#x92E;&#x93F;&#x924; </subfield>
    <subfield code="p">B-757259</subfield>
    <subfield code="r">2024-08-21 00:00:00</subfield>
    <subfield code="s">2024-08-13</subfield>
    <subfield code="t">1</subfield>
    <subfield code="v">975.00</subfield>
    <subfield code="w">2024-02-02</subfield>
    <subfield code="y">HN</subfield>
  </datafield>
  <datafield tag="952" ind1=" " ind2=" ">
    <subfield code="0">0</subfield>
    <subfield code="1">0</subfield>
    <subfield code="4">0</subfield>
    <subfield code="7">0</subfield>
    <subfield code="8">NFIC</subfield>
    <subfield code="a">AV</subfield>
    <subfield code="b">AV</subfield>
    <subfield code="d">2024-02-02</subfield>
    <subfield code="e">&#x905;&#x902;&#x915;&#x941;&#x930; &#x92C;&#x941;&#x915; &#x921;&#x93F;&#x938;&#x94D;&#x91F;&#x94D;&#x930;&#x940;&#x92C;&#x94D;&#x92F;&#x942;&#x91F;&#x930;&#x938;/ABD/095/13.12.23/68/12.12.23/21.12.23</subfield>
    <subfield code="g">975.00</subfield>
    <subfield code="l">0</subfield>
    <subfield code="o">320 &#x905;&#x92E;&#x93F;&#x924; </subfield>
    <subfield code="p">B-757260</subfield>
    <subfield code="r">2024-02-02 00:00:00</subfield>
    <subfield code="t">1</subfield>
    <subfield code="v">975.00</subfield>
    <subfield code="w">2024-02-02</subfield>
    <subfield code="y">HN</subfield>
  </datafield>
  <datafield tag="952" ind1=" " ind2=" ">
    <subfield code="0">0</subfield>
    <subfield code="1">0</subfield>
    <subfield code="4">0</subfield>
    <subfield code="7">0</subfield>
    <subfield code="8">NFIC</subfield>
    <subfield code="a">BL1</subfield>
    <subfield code="b">BL1</subfield>
    <subfield code="d">2024-02-02</subfield>
    <subfield code="e">&#x905;&#x902;&#x915;&#x941;&#x930; &#x92C;&#x941;&#x915; &#x921;&#x93F;&#x938;&#x94D;&#x91F;&#x94D;&#x930;&#x940;&#x92C;&#x94D;&#x92F;&#x942;&#x91F;&#x930;&#x938;/ABD/095/13.12.23/68/12.12.23/21.12.23</subfield>
    <subfield code="g">975.00</subfield>
    <subfield code="l">0</subfield>
    <subfield code="o">320 &#x905;&#x92E;&#x93F;&#x924; </subfield>
    <subfield code="p">B-757261</subfield>
    <subfield code="r">2024-02-02 00:00:00</subfield>
    <subfield code="t">1</subfield>
    <subfield code="v">975.00</subfield>
    <subfield code="w">2024-02-02</subfield>
    <subfield code="y">HN</subfield>
  </datafield>
  <datafield tag="952" ind1=" " ind2=" ">
    <subfield code="0">0</subfield>
    <subfield code="1">0</subfield>
    <subfield code="4">0</subfield>
    <subfield code="7">0</subfield>
    <subfield code="8">NFIC</subfield>
    <subfield code="a">BL4</subfield>
    <subfield code="b">BL4</subfield>
    <subfield code="d">2024-02-02</subfield>
    <subfield code="e">&#x905;&#x902;&#x915;&#x941;&#x930; &#x92C;&#x941;&#x915; &#x921;&#x93F;&#x938;&#x94D;&#x91F;&#x94D;&#x930;&#x940;&#x92C;&#x94D;&#x92F;&#x942;&#x91F;&#x930;&#x938;/ABD/095/13.12.23/68/12.12.23/21.12.23</subfield>
    <subfield code="g">975.00</subfield>
    <subfield code="l">0</subfield>
    <subfield code="o">320 &#x905;&#x92E;&#x93F;&#x924; </subfield>
    <subfield code="p">B-757262</subfield>
    <subfield code="r">2024-02-02 00:00:00</subfield>
    <subfield code="t">1</subfield>
    <subfield code="v">975.00</subfield>
    <subfield code="w">2024-02-02</subfield>
    <subfield code="y">HN</subfield>
  </datafield>
</record>
